000 00899nam a2200301Ia 4500
008 181129s9999 xx 000 0 und d
020 _a9789715697798
050 _bD321 2013
100 _ade Guzman, Joaquin Domingo S.
245 0 _aI know where my heart is /
245 0 _cby Joaquin Domingo S. de Guzman ; edited by Nina Macaraig-Gamboa ; illustrated by Jomike Tejido.
260 _aMakati, Philippines :
260 _bBookmark,
260 _c2013
300 _aunpaged :
300 _bcolor illustrations ;
300 _c25cm.
440 _aModern heroes for the Filipino youth.
650 _aFernando, Richard Michael R.
650 _aMissionaries --
650 _aMissionary stories.
650 _aPhilippine literature for kids.
650 _xBiography.
700 _aMacaraig-Gamboa, Nina.
700 _aSeries.
700 _aTejido, Jomike.
700 _aTitle.
999 _c360212
_d360212